000 01598nam a22004097a 4500
003 CHAP
005 20220817044538.0
008 300812s2012 mx r 00010 spa d
010 _a103796
011 _a104768
035 _a115458
040 _cCHAP
090 _aTesis
100 1 _aCasas Ruiz, Noe.
245 1 0 _aCaracterización del sistema de composteo in situ para el establecimiento de durazno (prunuspersica) en un sistema agroforestal de huerto vivero
_h[En línea]
_c/por Noe Casas Ruiz
260 _aChapingo, Méx. :
_bEl autor,
_c2012
500 _aPara ver el contenido del material haga clic en la liga
502 _aTesis (M.C. en Agroforestería para el Desarrollo Sostenible) -- UACH. Departamento de Suelos
590 _aALEPH
_b10
_c20130110
_lUCH01
_h1546
590 _aBATCH-UPD
_b10
_c20130110
_lUCH01
_h1443
590 _aBATCH-UPD
_b10
_c20130410
_lUCH01
_h0913
590 _aBATCH-UPD
_b10
_c20130914
_lUCH01
_h0855
590 _aBATCH-UPD
_b10
_c20140324
_lUCH01
_h1533
590 _aBATCH-UPD
_b10
_c20141002
_lUCH01
_h0855
590 _aBATCH
_b00
_c20181121
_lUCH01
_h0759
590 _aCONVERSION
_b10
_c20130109
_lUCH01
_h1357
650 0 4 _aCompost.
_926105
650 0 4 _aSuelos
_xFísica de.
_9110373
650 0 4 _aSuelos
_xQuímica de.
_9110470
650 0 4 _aViveros frutales.
_9120102
856 _3Finding aid
_uhttp://10.13.5.2/tesis/115458.pdf
_zTeclea aqui
856 _a1
_n0001363
901 _aBK
942 _cFOLL
949 _aTesis
_bBC
_cTES
_d33724002342157
_eTS1
_h53874
_i115458
_st
949 _aTesis
_bBC
_cTES
_d33724002342199
_eTS2
_fc.2
_h53875
_i115458
_st
999 _c103796
_d103796